17. Internationales Ost - West - Handels - Fachseminar 9. bis 13.4. 1984
Salvato in:
| Natura: | Libro |
|---|---|
| Lingua: | tedesco |
| Pubblicazione: |
Linz
Gesellschaft für Ost- und Südostkunde
1984
|
| Tags: |
Nessun Tag, puoi essere il primo ad aggiungerne!!
|
MARC
| LEADER | 00000nam a2200000 4500 | ||
|---|---|---|---|
| 001 | c114133 | ||
| 005 | 20041019155157.7 | ||
| 041 | 0 | |a ger | |
| 044 | |a AT | ||
| 245 | 1 | 0 | |a 17. Internationales Ost - West - Handels - Fachseminar |b 9. bis 13.4. 1984 |
| 264 | 1 | |a Linz |b Gesellschaft für Ost- und Südostkunde |c 1984 | |
| 300 | |a 243 s. | ||